| 000 | 00651nam a22002177a 4500 | ||
|---|---|---|---|
| 999 |
_c15232 _d15232 |
||
| 003 | AR-CdUCM | ||
| 008 | 190426b ||||| |||| 00| 0 spa d | ||
| 020 | _a978-84-9825-657-4 | ||
| 040 |
_aMUNICIPALIDAD PROVINCIAL DEL CUSCO _cBIBLIOTECA MUNICIPAL DEL CUSCO |
||
| 082 |
_aPI / 376.1 / _bB23 |
||
| 100 |
_aBarker, Stephen _934273 |
||
| 245 | _aMascotas amigas / | ||
| 260 |
_aBarcelona : _bCombel, _c2011. |
||
| 300 |
_c22 cm. _bCon solapas gigantes, |
||
| 650 |
_aPara aprender _934247 |
||
| 650 |
_aInfantil _96210 |
||
| 650 |
_aInfancia _95236 |
||
| 700 |
_aGil, Carmen (Adaptación) _934274 |
||
| 942 |
_2ddc _cLIBROS |
||
| 945 |
_arah _d26/04/2019 |
||